ბათუმის შოთა რუსთაველის სახელმწიფო უნივერსიტეტის ბიბლიოთეკა

A basic course in algebraic topology / (ბიბ.ჩანაწერი № 58734)

000 -LEADER
fixed length control field 01115pam a2200277 a 4500
001 - CONTROL NUMBER
control field 4363062
005 - DATE AND TIME OF LATEST TRANSACTION
control field 20220711133039.0
008 - FIXED-LENGTH DATA ELEMENTS--GENERAL INFORMATION
fixed length control field 900809s1991 nyua b 001 0 eng
010 ## - LIBRARY OF CONGRESS CONTROL NUMBER
LC control number 90046073
020 ## - INTERNATIONAL STANDARD BOOK NUMBER
International Standard Book Number 038797430X (SpringerVerlag New York : acidfree)
020 ## - INTERNATIONAL STANDARD BOOK NUMBER
International Standard Book Number 354097430X (SpringerVerlag Berlin : acidfree)
040 ## - CATALOGING SOURCE
Original cataloging agency DLC
Transcribing agency DLC
Modifying agency DLC
050 00 - LIBRARY OF CONGRESS CALL NUMBER
Classification number QA612
Item number .M374 1991
080 ## - UNIVERSAL DECIMAL CLASSIFICATION NUMBER
Universal Decimal Classification number 514 M-38
100 1# - MAIN ENTRY--PERSONAL NAME
Personal name Massey, William S.
9 (RLIN) 14356
245 12 - TITLE STATEMENT
Title A basic course in algebraic topology /
Statement of responsibility, etc. William S. Massey.
260 ## - PUBLICATION, DISTRIBUTION, ETC.
Place of publication, distribution, etc. New York :
Name of publisher, distributor, etc. Springer-Verlag,
Date of publication, distribution, etc. c1991.
300 ## - PHYSICAL DESCRIPTION
Extent xvi, 428 p. :
Other physical details ill. ;
Dimensions 25 cm.
440 #0 - SERIES STATEMENT/ADDED ENTRY--TITLE
Title Graduate texts in mathematics ;
Volume/sequential designation 127
9 (RLIN) 9001
504 ## - BIBLIOGRAPHY, ETC. NOTE
Bibliography, etc. note Includes bibliographical references and index.
650 #0 - SUBJECT ADDED ENTRY--TOPICAL TERM
Topical term or geographic name entry element Algebraic topology.
9 (RLIN) 14325
650 #0 - SUBJECT ADDED ENTRY--TOPICAL TERM
Topical term or geographic name entry element ალგებრული ტოპოლოგიის ძირითადი კურსი
9 (RLIN) 14357
906 ## - LOCAL DATA ELEMENT F, LDF (RLIN)
a 7
b cbc
c orignew
d 1
e ocip
f 19
g y-gencatlg
942 ## - ADDED ENTRY ELEMENTS (KOHA)
Source of classification or shelving scheme
Koha item type წიგნი
ეგზემპლარები
Withdrawn status Lost status Source of classification or shelving scheme Damaged status Not for loan Permanent Location Current Location Shelving location Date acquired Cost, normal purchase price Full call number Barcode Date last seen Copy number Price effective from Koha item type Public note
          ბათუმის შოთა რუსთაველის სახელმწიფო უნივერსიტეტის მთავარი ბიბლიოთეკა ბათუმის შოთა რუსთაველის სახელმწიფო უნივერსიტეტის მთავარი ბიბლიოთეკა წიგნსაცავი 2022-07-11 373.00 514 M-38 62970 2022-07-11 62970 2022-07-11 წიგნი 373 gel.